| 000 | 00622nam a2200193Ia 4500 | ||
|---|---|---|---|
| 005 | 20250508153357.0 | ||
| 008 | 008 250505s9999 xx 000 0 eng d | ||
| 037 | _aTextual | ||
| 040 |
_aFEDL _beng _cFEDL |
||
| 041 |
_aeng _2eng |
||
| 084 |
_a378, UNI _qFEDL |
||
| 100 |
_aRork John B Co. _9763820 |
||
| 245 | 0 | _aCase book on campus planning and institutional development: Ten institutions how they did it | |
| 260 |
_aWashington, USA _bU.S. Government Printing Office _c1962 |
||
| 300 | _av,161p. | ||
| 700 |
_a Robbins Leslie F Co. _9763821 |
||
| 942 |
_cTEXL _h378, UNI |
||
| 999 |
_c1342420 _d1342420 |
||